000 00604nam a2200241Ia 4500
003 OSt
005 20220918174334.0
006 a|||||r|||| 00| 0
007 ta
008 220917b |||||||| |||| 00| 0 eng d
024 _a11,651
037 _cTextual
040 _aARTS
_cARTS
_beng
041 _2eng
_aeng
082 _a/\:36, L5
100 _aGopi Krishna
_950033
245 0 _aAwakening of kundalini
260 _aNew York
_bE P Dutton
_c1975
300 _axii,129p.
_ccm.
650 _aSPIRITUALISM
942 _h/\:36, L5
_cTEXL
_2CC
999 _c152739
_d152739